Estatísticas para Todos os times profissionais de Santa Catarina

Clique aqui para jogar o quiz

Estatísticas Gerais

  • Esse quiz foi jogado 304 vezes
  • A pontuação média é 13 de 31

Estatísticas das Respostas

Times% Correto
Avaí
96%
Chapecoense
94%
Figueirense
93%
Criciúma
92%
Joinville
89%
Brusque
71%
Tubarão
64%
Hercílio Luz
62%
Marcílio Dias
62%
Camboriú
55%
Concórdia
52%
Juventus
46%
Inter de Lages
44%
Barra
41%
Blumenau
41%
Próspera
38%
Metropolitano
36%
Atlético Catarinense
27%
Guarani de Palhoça
23%
Jaraguá
23%
Caçadorense
19%
Caravaggio
18%
Nação
18%
Carlos Renaux
17%
Itajaí
17%
Imbituba
14%
Porto
14%
Fluminense de Joinville
13%
Navegantes
10%
Atlético Batistense
6%
Pedra Branca
6%

Distribuição das Pontuações

Percentil de Números Respondidos

Porcentagem de Pessoas com Cada Pontuação

Sua Pontuação Histórica

Você não jogou esse quiz